| 000 -LEADER |
| fixed length control field |
01640nam a2200157 4500 |
| 008 - FIXED-LENGTH DATA ELEMENTS--GENERAL INFORMATION |
| fixed length control field |
190808b ||||| |||| 00| 0 eng d |
| 100 ## - MAIN ENTRY--PERSONAL NAME |
| Personal name |
Malapi-Nelson, Alcibiades |
| 245 ## - TITLE STATEMENT |
| Title |
Classical cybernetics and transhumanism: a reply to Richmond's review of the Nature of the machine and the collapse of cybernetics |
| 260 ## - PUBLICATION, DISTRIBUTION, ETC. (IMPRINT) |
| Date of publication, distribution, etc |
2019 |
| 300 ## - PHYSICAL DESCRIPTION |
| Extent |
p.64-68. |
| 520 ## - SUMMARY, ETC. |
| Summary, etc |
Sheldon Richmond has written an insightful and exhaustive review of my book The Nature of the Machine and the Collapse of Cybernetics: A Transhumanist Lesson for Emerging Technologies (Palgrave Macmillan 2017). Richmond voices concerns regarding some suggestions I made about the future of humanity vis-à-vis a contemporary cybernetic reinstantiation in the form of Emerging Technologies. He suggests that future cybernetically rooted sciences (and the transhumanist technologies that come along with them) can pose peril for the human condition. This reply is intended to clarify certain points that Richmond brings up, by means of (a) responding to his suggestion that cybernetics and transhumanism could be independently understood, and (b) unveiling a metaphysical and ethical stance, shared by Richmond, critical to the observations I made regarding a “cybernetically organized mankind” made possible by Emerging Technologies. I identify Richmond’s position as (a) precautionary in nature, (b) for reasons perhaps more ethical than epistemological, somewhat out of sync with the cybernetic ethos. - Reproduced. |
| 650 ## - SUBJECT ADDED ENTRY--TOPICAL TERM |
| Topical term or geographic name as entry element |
Information technology |
| 9 (RLIN) |
7874 |
| 773 ## - HOST ITEM ENTRY |
| Main entry heading |
Philosophy of the Social Sciences |
| 906 ## - LOCAL DATA ELEMENT F, LDF (RLIN) |
| Subject DIP |
Cybernetics |
| 942 ## - ADDED ENTRY ELEMENTS (KOHA) |
| Source of classification or shelving scheme |
|
| Item type |
Articles |